| 000 | 01144cam a22003377a 4500 | ||
|---|---|---|---|
| 003 | CHAP | ||
| 005 | 20220329133208.0 | ||
| 008 | 971013s1974 r 00010 d | ||
| 010 | _a3233 | ||
| 011 | _a4205 | ||
| 035 | _a3407 | ||
| 040 | _cCHAP | ||
| 090 | _aFolleto 13170 | ||
| 100 | 0 | 0 |
_aRodríguez González, Joaquín Horacio. _998544 |
| 245 | 0 | _aCausas del amarillamiento del trigo y su corrección en la región del Bajío | |
| 260 |
_aChapingo, Méx. : _bINIA. Campo Agrícola Experimental de Roque, _c1974 |
||
| 300 | _a10 p. | ||
| 490 | 0 |
_aCircular CIAB _v; 52 |
|
| 590 |
_aBATCH-UPD _b10 _c20130110 _lUCH01 _h0148 |
||
| 590 |
_aBATCH-UPD _b10 _c20130110 _lUCH01 _h1833 |
||
| 590 |
_aBATCH-UPD _b10 _c20130410 _lUCH01 _h1205 |
||
| 590 |
_aBATCH-UPD _b10 _c20130914 _lUCH01 _h0940 |
||
| 590 |
_aCONVERSION _b10 _c20130109 _lUCH01 _h1303 |
||
| 650 | 1 | 4 |
_aPlantas _xNutrición. _988874 |
| 650 | 1 | 4 |
_aTrigo _xEnfermedades. _9115017 |
| 710 | 0 |
_aINIA. México. Campo Agrícola Experimental Roque. _958510 |
|
| 830 | 0 |
_aCircular CIAB _v; 52 _923363 |
|
| 901 | _aBK | ||
| 942 | _cFOLL | ||
| 949 |
_aFolleto 13170 _bBC _cFOLL _d-12923 _eTS1 _i3407 _mD _si |
||
| 999 |
_c3233 _d3233 |
||